| 000 | 01359nam0a2200301 i 4500 | ||
|---|---|---|---|
| 001 | RU\NLR\BIBL_A\010957110 | ||
| 005 | 20241103090945.0 | ||
| 010 |
_a9785912836480 _9150 |
||
| 021 |
_aRU _b2015-102129 _96366 |
||
| 035 | _a(NILC)RuMoRGB-008110191 | ||
| 035 | _a(NLR Aleph) 010957110 | ||
| 090 |
_a10791530 _c10791530 |
||
| 100 | _a20160125d2015 u y0rusy50 ca | ||
| 101 | 0 | _arus | |
| 102 | _aRU | ||
| 105 | _ay|||j|||000yy | ||
| 200 | 1 |
_aОсновы теории литературы _eучебное пособие _fТ. Ф. Семьян _gМ-во образования и науки Российской Федерации, Южно-Уральский гос. ун-т (нац. исследовательский ун-т), Фак. журналистики, Каф. русского яз. и лит. |
|
| 210 |
_aЧелябинск _cЦицеро _d2015 |
||
| 215 |
_a102, [1] с. _d21 |
||
| 320 | _aБиблиогр.: с. 98-101 и в тексте | ||
| 606 |
_aЛитература _jУчебные издания для высших учебных заведений _xТеория _9928703 _3RU\NLR\AUTH\6622999 |
||
| 686 | 1 | _aШ40я73 | |
| 700 | 1 |
_aСемьян _bТ. Ф. _gТатьяна Фёдоровна |
|
| 801 | 0 |
_aRU _bРГБ _c20160112 _gRCR |
|
| 942 | _cBOOK | ||
| 980 | _aNBR | ||